| 000 | 00454nam a2200181Ia 4500 | ||
|---|---|---|---|
| 005 | 20250923144344.0 | ||
| 008 | 008 250917s9999 xx 000 0 eng d | ||
| 037 | _aTextual | ||
| 040 |
_aDSWL _beng _cDSWL |
||
| 041 |
_aeng _2eng |
||
| 084 |
_aT:43 _qDSWL |
||
| 100 |
_aHoppock, R _9824030 |
||
| 245 | 0 |
_aGroup guidance _cby R Hoppock |
|
| 260 | _c1949 | ||
| 300 | _a393 p. | ||
| 942 |
_cTEXL _hT:43 |
||
| 999 |
_c1437836 _d1437836 |
||